000 00693nam a2200193Ia 4500
003 GCL
008 140319s9999 xx 000 0 ara d
020 _a5157905977
040 _aGCL /
_cGCL
082 0 4 _a939.4
_bع ت
245 1 0 _aتاريخ شبه الجزيرة الععربية فى عصورها القديمة :
_b(محاضرات - طبعة مزيدة ومعدلة
260 _aالقاهرة :
_bمكتبة الانجلوالمصرية
300 _a207ص ؛
_c24سم
650 0 4 _aسبأ
650 0 4 _aالعالم العربى - تاريخ
650 0 4 _aاليمن القديم - تاريخ
650 0 4 _aشبه الجزيرة العربية - تاريخ
942 _2ddc
_cBK
999 _c34671
_d34671